| 000 | 01318cam a2200301Ia 4500 | ||
|---|---|---|---|
| 999 |
_c4004 _d4004 |
||
| 001 | 60340749 | ||
| 003 | OCoLC | ||
| 005 | 20181127183719.0 | ||
| 008 | 050511s2002 ilua b 000 0 eng d | ||
| 020 | _a9780830853649 | ||
| 020 | _a9780830853649 | ||
| 035 | _a(OCoLC)60340749 | ||
| 040 |
_aDWT _beng _cDWT _dBAKER _dCVN _dSGB _dBDX _dOCLCQ _dOCLCF |
||
| 082 |
_a220.6 _bR643G |
||
| 092 | 0 |
_a220.6 _bR5445g, 2002 |
|
| 100 | 1 | _aRoberts, Vaughan. | |
| 245 | 1 | 0 |
_aGod's big picture : _btracing the storyline of the Bible / _cVaughan Roberts. |
| 260 |
_aDowners Grove, Ill. : _bInterVarsity Press, _c©2002. |
||
| 300 |
_a160 pages : _billustrations ; _c21 cm |
||
| 336 |
_atext _btxt _2rdacontent |
||
| 337 |
_aunmediated _bn _2rdamedia |
||
| 338 |
_avolume _bnc _2rdacarrier |
||
| 504 | _aIncludes bibliographical references. | ||
| 505 | 0 | _aThe Bible is one book -- The kingdom of God -- The pattern of the kingdom -- The perished kingdom -- The promised kingdom -- The partial kingdom -- The prophesied kingdom -- The present kingdom -- The proclaimed kingdom -- The perfected kingdom. | |
| 520 | _aVaughan Roberts gives you the big picture--showing how the different parts of the Bible fit together under the theme of the kingdom of God. --from publisher description. | ||
| 630 | 0 | 0 |
_aBible _xTheology. |
| 942 |
_2ddc _cBK |
||